00344 2200145 4500001002100000005001500021035002000036245005700056100001400113300000800127260002900135082000800164084001400172990001200186INLIS00000000000217220250527121620 a0010-05250004641 aMenyuarakan Nurani Menggapai Kesetaraan /cDharmawan0 aDharmawan a274 aJakarta :bKompas,c2004 a813 a813 DHA m a0712515